00823nam a22002417a 450000500170000001000110001702000220002803500110005003700160006104000120007708200160008910000270010524500800013226000340021227000350024630000210028150000540030265000340035670000260039094200250041699900190044195201210046020170124110004.0 a930169 c00.00a0713910968 a930169 bCen Lib/Ret aDPLbEN a551.03bWHI aWhitten, D.G.A.916434 aThe penguin dictionary of geology /cby D.G.A. Whitten [and] J.R.V. Brooks  aLondon bPenguin Books c1972 bLondon a17, grosvener garden  a493p. c21cm(Hb) aIncludes appendix and bibliographical references  aGeology--Dictionaries 986363 aBrooks, J.R.V.986364 2ddccENh551.03mWHI c126052d126052 00104070aLbLd2015-06-24eCen Lib/Retg0.00l0o551.03 WHIp930169r2015-06-24 00:00:00t1v0.00w2015-06-24yEN